000 00514cas a22001935a 4500
001 ##L286
008 070628p sa qr p 0 a0eng
035 _a(Sirsi) u98914
041 0 _aeng
110 2 _aSouth African Institute of Valuers
_93938
245 0 4 _aThe South African Valuer
260 _aJohannesburg
_bSAIV
_c[198-]-
362 _a4(29) March 1992-
554 _aFour per year
651 4 _aSouth Africa
690 _aPROPERTY-PROPERTY APPRAISAL AND VALUATION
942 _n0
948 _c23/08/1994
999 _c118580
_d118580